000 00327nam a22001457a 4500
008 221025b ||||| |||| 00| 0 eng d
020 _a087993350
041 _aeng
080 _a616.12
082 _a616.12 FUR
100 _a11.2
101 _aKARDIO
245 _aA PRACTICE OF CARDIAC PACING
_cFURMAN S
942 _2udc
_cBK
999 _c58666
_d58666